000 00529nam a2200217Ia 4500
003 OSt
005 20220924152040.0
006 a|||||r|||| 00| 0
007 ta
008 220923b |||||||| |||| 00| 0 guj d
024 _a340565
037 _cTextual
040 _aARTS
_cARTS
_bguj
041 _2guj
_aguj
082 _aO155,3N05,11, 156J6
245 0 _aHridaya manthan
260 _c1956
650 _aGUJRATI FICTION
942 _hO155,3N05,11, 156J6
_cTEXL
_2CC
999 _c468521
_d468521